00531nam a2200157 a 450000500170000000800410001702000140005805000210007210000180009324500980011126000570020930000220026665000310028865000330031970000210035220140310183258.0050726s19uu xx 00 eng d a067169846 aPZ 4b.C522 1989 aCherryh, C.J. aReap the whirlwind :bbook III of the sword of knowledge /cC.J. Cherryh and Mercedes Lackey. aNew York, N.Y :bBaen Publishing Enterprises,c1989. a273 p. :c17 cm.  aFantasy fiction, American. aQuests (expediton)xFiction. aLackey, Mercedes